Desarrollo de instalaciones eléctricas de distribución: adaptado al nuevo RBT, BOE 2002

Gespeichert in:
Bibliographische Detailangaben
1. Verfasser: Trashorras Montecelos, Jesús
Format: Buch
Sprache:Spanisch
Veröffentlicht: Madrid, España Thomson 2003
Madrid Paraninfo 2003
Ausgabe:Tercera edición
Schriftenreihe:Instalaciones Electrotécnicas
Schlagworte:
Tags: Tag hinzufügen
Keine Tags, Fügen Sie den ersten Tag hinzu!

MARC

LEADER 00000nam a2200000 a 4500
001 UCJ0170
003 CL-VaPUC
005 20220727074329.0
008 060707e20030000SP |||||||||||||||||spa|d
999 |c 317098  |d 317096 
020 |a 8497322290 
040 |c Pontificia Universidad Católica de Valparaíso 
082 0 4 |a 621.319 TRA 2003  |2 21 
100 0 |a Trashorras Montecelos, Jesús  |9 500203 
245 1 0 |a Desarrollo de instalaciones eléctricas de distribución: adaptado al nuevo RBT, BOE 2002 
250 |a Tercera edición 
260 0 3 |a Madrid, España  |b Thomson  |c 2003 
260 |a Madrid  |b Paraninfo  |c 2003 
300 |a 267 páginas 
490 0 |a Instalaciones Electrotécnicas 
583 |a last modification  |c 20130305 02:08:30  |k Rodrigo Vera 
650 7 |a INSTALACIONES ELECTRICAS  |2 CL-VaPUC  |9 262736 
650 7 |a DISTRIBUCION ELECTRICA  |2 CL-VaPUC  |9 353641 
650 7 |a SISTEMAS ELECTRICOS  |2 CL-VaPUC  |9 355342 
650 0 |a Edificios   |9 260501 
650 0 |a Normalización  |9 262666 
942 |c BK  |2 ddc 
945 |d 20060707 00:00:00  |a cmena 
952 |0 0  |1 0  |2 ddc  |4 0  |6 621_319000000000000_TRA_2003  |7 0  |8 A  |9 392856  |a BIBING  |b BIBING  |c RES  |d 2019-11-22  |i 4248287  |o 621.319 TRA 2003  |p 4248287  |r 2025-01-20  |t 1  |w 2019-11-22  |y BK  |k EIE